000 01052nam a22003257a 4500
003 CHAP
005 20220817041634.0
008 971013s1980 r 00010 d
010 _a20457
011 _a21429
035 _a25519
040 _cCHAP
082 _a580
_bA7
100 0 0 _aArends, J. C.
_96965
245 _aLiber gratulatorius in honorem H.C.D. de Wit
260 _aWageningen :
_bVeenman & Zonen,
_c1980
300 _a449 p.
_b: ilus. ; gráfs
490 _aLandbouwhogeschool miscellaneous papers
_v; 19
590 _aBATCH-UPD
_b10
_c20130109
_lUCH01
_h2349
590 _aBATCH-UPD
_b10
_c20130110
_lUCH01
_h1819
590 _aBATCH-UPD
_b10
_c20130410
_lUCH01
_h1153
590 _aBATCH-UPD
_b10
_c20130914
_lUCH01
_h0613
590 _aCONVERSION
_b10
_c20130109
_lUCH01
_h1312
650 1 4 _aBotánica.
_914477
700 0 _aWit, Henduk Cornelis Derk de.
_9122349
830 0 _aLandbouwhogeschool miscellaneous papers
_v; 19
901 _aBK
942 _cLIBRO
949 _a580 A7
_bBC
_cLIBRO
_d33724000424461
_eLIBRO
_h52602
_i25519
_mD
_si
999 _c20457
_d20457